MARC

LEADER 00000nam0a2200000 4500
001 14966
005 20231030185952.0
010 |a 5769108778 
035 |a (RuTPU)RU\TPU\book\15067 
035 |a BOOK00015137 
090 |a 14966 
100 |a 20011209d1999 km y0rusy50 ca 
101 0 |a rus 
102 |a RU 
105 |a y z 000zy 
200 1 |a Динамика машин  |f А. Г. Степанов 
210 |a Екатеринбург  |c Изд-во УрО РАН  |d 1999 
215 |a 390 с. 
610 1 |a машины 
610 1 |a приводы 
610 1 |a динамика 
610 1 |a компьютерный анализ 
610 1 |a MATHCAD 7 
675 |a 621.01:531.3  |v 3 
700 1 |a Степанов  |b А. Г.  |g Анатолий Григорьевич 
801 0 |a RU  |b 63413507  |c 20011209  |g PSBO 
801 2 |a RU  |b 63413507  |c 20200914  |g PSBO 
942 |c BK